[Event "Skilling Open Prelim"]
[Site "chess24.com INT"]
[Date "2020.11.23"]
[Round "8.7"]
[White "Nakamura,Hi"]
[Black "So,W"]
[Result "1/2-1/2"]
[WhiteElo "2736"]
[BlackElo "2770"]

1.e4 e5 2.Nf3 Nc6 3.Bb5 Nf6 4.O-O Nxe4 5.Re1 Nd6 6.Nxe5 Be7 7.Bf1 Nxe5 8.Rxe5 O-O
9.Nc3 Ne8 10.Nd5 Bd6 11.Re1 c6 12.Ne3 Be7 13.c4 Nc7 14.d4 d5 15.cxd5 Bb4
16.Bd2 Bxd2 17.Qxd2 Nxd5 18.Nxd5 Qxd5 19.Re5 Qd6 20.Bc4 b5 21.Bb3 a5 22.a3 a4
23.Ba2 Bd7 24.Rae1 Rae8 25.Qc3 Rxe5 26.dxe5 Qe7 27.Rd1 Bf5 28.Rd6 Rd8 29.Qd2 Rxd6
30.exd6 Qf6 31.h3 g6 32.f4 Bd7 33.Bb1 c5 34.Be4 b4 35.Bd5 Kf8 36.Bc4 h5 37.Kh2 h4
38.g3 hxg3+ 39.Kxg3 Qf5 40.Bf1 g5 41.Qe3  1/2-1/2

[Event "Skilling Open Prelim"]
[Site "chess24.com INT"]
[Date "2020.11.24"]
[Round "11.4"]
[White "Carlsen,M"]
[Black "Nakamura,Hi"]
[Result "1/2-1/2"]
[WhiteElo "2862"]
[BlackElo "2736"]

1.e4 e5 2.Bc4 Nf6 3.d3 c6 4.Nf3 d5 5.Bb3 Bb4+ 6.Bd2 Bxd2+ 7.Nbxd2 Qc7 8.O-O dxe4
9.Ng5 O-O 10.Ndxe4 Nd5 11.d4 h6 12.Nf3 Bg4 13.dxe5 Nd7 14.h3 Bxf3 15.Qxf3 Qxe5
16.Rfe1 Rae8 17.c3 N5f6 18.Rad1 Nxe4 19.Rxd7 Ng5 20.Qe3 Nf3+ 21.gxf3 Qg5+
22.Qxg5 Rxe1+ 23.Kg2 hxg5 24.Rxb7 a5 25.a4 g6 26.Bc4 Kg7 27.Rc7 Re5 28.Rxc6 Rb8
29.Rc7 Rxb2 30.Bxf7 Re1 31.Bc4+ Kh8 32.Rc8+ Kg7 33.Rc7+ Kh8 34.Rc8+ Kg7 35.Rc7+  1/2-1/2

[Event "Skilling Open Prelim"]
[Site "chess24.com INT"]
[Date "2020.11.24"]
[Round "12.5"]
[White "Nakamura,Hi"]
[Black "Radjabov,T"]
[Result "1/2-1/2"]
[WhiteElo "2736"]
[BlackElo "2765"]

1.d4 Nf6 2.c4 e6 3.Nf3 d5 4.Nc3 Be7 5.Bf4 O-O 6.e3 Nbd7 7.c5 Nh5 8.Bd3 Nxf4
9.exf4 b6 10.b4 a5 11.a3 c6 12.O-O Qc7 13.g3 Ba6 14.Re1 Bf6 15.Ne5 Bxd3 16.Qxd3 Bxe5
17.fxe5 Ra7 18.Ne2 Rfa8 19.Rab1 axb4 20.axb4 Ra3 21.Rb3 Rxb3 22.Qxb3 Qa7
23.Rb1 bxc5 24.bxc5 Rb8 25.Qd1 Rxb1 26.Qxb1 Nf8 27.h4 Qa6 28.Qb2 Qd3 29.Nf4 Qd1+
30.Kg2 Ng6 31.Qb8+ Nf8 32.Qb2 Ng6 33.Qb8+ Nf8 34.Qb2  1/2-1/2

[Event "Skilling Open KO 2020"]
[Site "chess24.com INT"]
[Date "2020.11.25"]
[Round "1.13"]
[White "Vachier Lagrave,M"]
[Black "Nakamura,Hi"]
[Result "1/2-1/2"]
[WhiteElo "2784"]
[BlackElo "2736"]

1.e4 e5 2.Nf3 Nc6 3.Bb5 a6 4.Ba4 d6 5.c3 g6 6.d4 Bd7 7.O-O Bg7 8.Re1 b5 9.Bb3 Nf6
10.Nbd2 O-O 11.Nf1 exd4 12.cxd4 Bg4 13.Be3 Na5 14.h3 Bxf3 15.Qxf3 Nd7 16.Rad1 Qe7
17.Bd5 c6 18.Bd2 cxd5 19.Bxa5 dxe4 20.Rxe4 Qf6 21.Qb3 Rae8 22.Rxe8 Rxe8 23.Qc2 Bh6
24.Ng3 d5 25.Qb3 Qc6 26.Qd3 Rc8 27.Bd2 Bxd2 28.Qxd2 Qc2 29.Ne2 b4 30.b3 a5
31.Nf4 Nf6 32.f3 g5 33.Nd3 Qxd2 34.Rxd2 Ne8 35.Nc5 Nd6 36.Kf2 f6 37.Nd7 Kf7
38.Nb6 Rc1 39.Nxd5 f5 40.g3 Rh1 41.Kg2 Rc1 42.Nb6 Rc6 43.Nd7 Rc7 44.Nc5 Nb5
45.Nd3 Ke6 46.h4 h6 47.hxg5 hxg5 48.d5+ Kd6 49.f4 gxf4 50.Nxf4 Nc3 51.Kf3 Ne4
52.Re2 Rc3+ 53.Re3 Rc1 54.Re2 Rc3+ 55.Re3 Rc2 56.Re2 Rxe2 57.Nxe2 Kxd5 58.Ke3 Ke5
59.Nd4 Nxg3 60.Nc6+ Kd5 61.Nxa5 Ne4 62.Nc4 Nc3 63.a3 bxa3 64.Nxa3 Kc5 65.Kf4 Kb4
66.Kxf5 Ne4 67.Kxe4 Kxb3  1/2-1/2

[Event "Skilling Open KO 2020"]
[Site "chess24.com INT"]
[Date "2020.11.25"]
[Round "1.12"]
[White "Nakamura,Hi"]
[Black "Vachier Lagrave,M"]
[Result "1/2-1/2"]
[WhiteElo "2736"]
[BlackElo "2784"]

1.d4 Nf6 2.c4 g6 3.Nc3 d5 4.Bf4 Bg7 5.e3 dxc4 6.Bxc4 O-O 7.Rc1 Nbd7 8.Nf3 c5
9.O-O cxd4 10.Nb5 Nh5 11.Bc7 Qe8 12.exd4 Bh6 13.Re1 Bxc1 14.Nd6 exd6 15.Rxe8 Rxe8
16.Qxc1 Nb6 17.Bxb6 axb6 18.Ng5 Re7 19.h3 Be6 20.Nxe6 fxe6 21.Qg5 Kf7 22.g4 d5
23.Bd3 Nf6 24.Qf4 Kg7 25.Qe5 Kf7 26.a3 Rc8 27.Kg2 Rd8 28.a4 Ne4 29.f3 Nd6
30.h4 Ke8 31.Qe1 Kd7 32.Qb4 Kc7 33.a5 bxa5 34.Qxa5+ Kc8 35.Kg3 Rf7 36.Be2 h5
37.Bd3 Rdf8 38.Qc3+ Kd7 39.Bxg6 Rxf3+ 40.Qxf3 Rxf3+ 41.Kxf3 hxg4+ 42.Kxg4 Nb5
43.h5 Ke7 44.Kg5 Nxd4 45.h6 Nf3+ 46.Kf4 Nh4 47.Bd3 Kf6 48.h7 Kg7 49.Ke5 Nf3+
50.Kxe6 Ne1 51.Bf5 d4 52.Kd6 d3 53.Bxd3 Nxd3 54.Kc7 b5 55.b4 Nxb4 56.Kb6 Kxh7
57.Kxb5  1/2-1/2

[Event "Skilling Open KO 2020"]
[Site "chess24.com INT"]
[Date "2020.11.25"]
[Round "1.11"]
[White "Vachier Lagrave,M"]
[Black "Nakamura,Hi"]
[Result "1-0"]
[WhiteElo "2784"]
[BlackElo "2736"]

1.e4 e5 2.Nf3 Nc6 3.Bb5 Nf6 4.O-O Nxe4 5.d4 Nd6 6.Bxc6 dxc6 7.dxe5 Nf5 8.Qxd8+ Kxd8
9.h3 Ke8 10.Nc3 h5 11.Bf4 Be7 12.Rad1 Be6 13.Ng5 Rh6 14.Rfe1 Bb4 15.a3 Bxc3
16.bxc3 h4 17.g4 hxg3 18.fxg3 Ne7 19.h4 Nd5 20.Bc1 Nxc3 21.Rd3 Na4 22.Rf3 Bd5
23.Rf4 Nb6 24.Ref1 Rg6 25.Rf5 Bc4 26.Re1 Be6 27.Rf2 Rd8 28.h5 Rh6 29.Nxf7 Bxf7
30.Bxh6 gxh6 31.e6 Bxh5 32.g4 Bxg4 33.e7 Nd7 34.exd8=Q+ Kxd8 35.Rf7 h5 36.Rg7 Nc5
37.Re5 b6 38.Kf2 a5 39.Rxc5 bxc5 40.Rg5 Kc8 41.Rxc5 Kb7 42.Rxa5 Kb6 43.Rg5 Bd1
44.c3 c5 45.Ke1 Bf3 46.Kd2 Kb5 47.Rg7 c6 48.Kc1 c4 49.Rg5+ c5 50.Kd2 h4 51.Ke3 Bd1
52.Rg1  1-0

[Event "Skilling Open KO 2020"]
[Site "chess24.com INT"]
[Date "2020.11.25"]
[Round "1.14"]
[White "Nakamura,Hi"]
[Black "Vachier Lagrave,M"]
[Result "1/2-1/2"]
[WhiteElo "2736"]
[BlackElo "2784"]

1.d4 Nf6 2.Bg5 d5 3.e3 c5 4.Bxf6 gxf6 5.c3 Qb6 6.Qd2 Nc6 7.dxc5 Qxc5 8.Ne2 e5
9.Ng3 Be6 10.Be2 O-O-O 11.O-O Kb8 12.b4 Qd6 13.Na3 d4 14.Nc4 Qc7 15.b5 Bxc4
16.Bxc4 Na5 17.Bd3 Qxc3 18.Qe2 dxe3 19.Rad1 exf2+ 20.Kh1 Bc5 21.Ne4 Qa3 22.Nxf6 Bd4
23.Ng4 Qc5 24.Rc1 Qd5 25.Be4 Qe6 26.Ne3 Bxe3 27.Qxe3 f5 28.Bc2 Nc4 29.Qxf2 Rd2
30.Bxf5 Rxf2 31.Bxe6 Rxf1+ 32.Rxf1 Na3 33.Rf7 Nxb5 34.Bd5 Nc7 35.Be4 h6 36.g4 b5
37.Kg2 a5 38.h4 b4 39.Rf6 Kc8 40.Rd6 Nb5 41.Rd5 Nc3 42.Rxa5 Kc7 43.Bg6 Kd6
44.Ra6+ Kc5 45.Bf7 e4 46.g5 hxg5 47.hxg5 e3 48.g6 e2 49.Re6 Rh5 50.Kf2 Rf5+
51.Ke1 Rf1+ 52.Kd2 Rd1+ 53.Kc2 e1=Q 54.Rxe1 Rxe1 55.g7 Rg1 56.g8=Q Rxg8 57.Bxg8 Nxa2
58.Bxa2 b3+ 59.Bxb3  1/2-1/2

[Event "Skilling Open KO 2020"]
[Site "chess24.com INT"]
[Date "2020.11.26"]
[Round "1.22"]
[White "Vachier Lagrave,M"]
[Black "Nakamura,Hi"]
[Result "1/2-1/2"]
[WhiteElo "2784"]
[BlackElo "2736"]

1.e4 e5 2.Nf3 Nc6 3.Bc4 Bc5 4.O-O Nf6 5.d3 d6 6.c3 h6 7.Re1 O-O 8.Nbd2 a5
9.Nf1 Be6 10.Bb5 Ne7 11.d4 exd4 12.cxd4 Bb6 13.Ng3 d5 14.e5 Ne4 15.Bd3 Nxg3
16.hxg3 Bg4 17.Bc2 c5 18.dxc5 Bxc5 19.Be3 Rc8 20.Bxc5 Rxc5 21.Qd2 Qb6 22.Bd3 Bf5
23.Bxf5 Nxf5 24.g4 Ne7 25.g5 Qb4 26.Qxb4 axb4 27.gxh6 gxh6 28.a3 Rc2 29.axb4 Rxb2
30.e6 Rxb4 31.exf7+ Kxf7 32.Ne5+ Kg7 33.Nd3 Re4 34.Nc5 Rxe1+ 35.Rxe1 Kf7
36.Nxb7 Rb8 37.Nc5 Ng6 38.Rd1 Rd8 39.Nb3 Nf4 40.Nd4 Ne6 41.Nc6 Rd6 42.Ne5+ Kf6
43.Nd3 d4 44.g3 Rb6 45.Kf1 Ra6 46.Rd2 h5 47.Rb2 Ra1+ 48.Ke2 h4 49.gxh4 Rh1
50.Rb6 Kf5 51.Rb5+ Kf6 52.h5 Rh4 53.Kf3 Rh3+ 54.Ke4 Ng5+ 55.Kxd4 Rxh5 56.Rb8 Ne6+
57.Ke3 Ra5 58.Rb6 Kf5 59.f4 Ra3 60.Rb5+ Kf6 61.Rd5 Ra4 62.Rd6 Rc4 63.Rb6 Kf5
64.Rb5+ Kf6 65.Ra5 Rc3 66.Rd5 Rc4 67.Ra5 Rc3 68.f5 Nc5 69.Rxc5 Rxc5 70.Nxc5 Kxf5  1/2-1/2

[Event "Skilling Open KO 2020"]
[Site "chess24.com INT"]
[Date "2020.11.26"]
[Round "1.23"]
[White "Nakamura,Hi"]
[Black "Vachier Lagrave,M"]
[Result "1-0"]
[WhiteElo "2736"]
[BlackElo "2784"]

1.e4 c5 2.Nf3 d6 3.d4 cxd4 4.Nxd4 Nf6 5.Nc3 a6 6.Bd3 e5 7.Nde2 Nc6 8.O-O Be6
9.Ng3 g6 10.Bg5 Be7 11.Bh6 Ng4 12.Bd2 h5 13.Nd5 Bxd5 14.exd5 Nb8 15.h3 Nf6
16.c4 Nbd7 17.b4 O-O 18.Rc1 a5 19.a3 b6 20.Bc2 h4 21.Ne2 axb4 22.axb4 b5
23.cxb5 Qb8 24.Bd3 Nb6 25.Qb3 Nbxd5 26.Bh6 Rc8 27.Bc4 Rxc4 28.Qxc4 Ra4 29.Bd2 Kg7
30.Ra1 Rxa1 31.Rxa1 Nc7 32.Qxh4 Qxb5 33.Bh6+ Kg8 34.Bg5 Kg7 35.Rc1 Qb7 36.Ng3 Ncd5
37.b5 Ng8 38.Bxe7 Ngxe7 39.Ne4 Nf4 40.Qf6+ Kg8 41.Re1 Nf5 42.Qd8+ Kg7 43.b6 Ne6
44.Qf6+ Kg8 45.Rc1 d5 46.Rc7 Nxc7 47.Qd8+ Kg7 48.bxc7  1-0

[Event "Skilling Open KO 2020"]
[Site "chess24.com INT"]
[Date "2020.11.26"]
[Round "1.21"]
[White "Nakamura,Hi"]
[Black "Vachier Lagrave,M"]
[Result "1-0"]
[WhiteElo "2736"]
[BlackElo "2784"]

1.e4 c5 2.Nf3 d6 3.d4 cxd4 4.Nxd4 Nf6 5.Nc3 a6 6.Bd3 e5 7.Nde2 Nc6 8.O-O Be6
9.Ng3 d5 10.Bg5 dxe4 11.Ncxe4 Be7 12.Bxf6 gxf6 13.Qh5 Qc7 14.Qh6 O-O-O 15.Nxf6 Nd4
16.Rad1 Bxa2 17.Nf5 Be6 18.Nxe7+ Qxe7 19.Rfe1 Nc6 20.Bxh7 Qb4 21.b3 Kb8 22.Qg5 Rd4
23.Be4 Rhd8 24.Rc1 Qc3 25.h4 Ka8 26.h5 Rd2 27.Bd3  1-0

[Event "Skilling Open KO 2020"]
[Site "chess24.com INT"]
[Date "2020.11.26"]
[Round "1.33"]
[White "Vachier Lagrave,M"]
[Black "Nakamura,Hi"]
[Result "1/2-1/2"]
[WhiteElo "2784"]
[BlackElo "2736"]

1.e4 e5 2.Nf3 Nc6 3.Bc4 Bc5 4.O-O Nf6 5.d3 d6 6.c3 h6 7.Re1 O-O 8.Nbd2 a5
9.Nf1 Be6 10.Bb5 Ne7 11.d4 exd4 12.cxd4 Bb6 13.Ng3 d5 14.e5 Ne4 15.Bd3 Nxg3
16.hxg3 Bg4 17.Bc2 c5 18.dxc5 Bxc5 19.Be3 Rc8 20.Bxc5 Rxc5 21.Qd2 Qc7 22.Bd3 Nc6
23.Qe3 Nb4 24.Nd4 Nxd3 25.Qxd3 Qb6 26.b3 Rfc8 27.Kh2 Qb4 28.Qe3 Rc3 29.Qf4 Bd7
30.Red1 a4 31.Ne2 Qxf4 32.Nxf4 Be6 33.bxa4 Rc2 34.Kg1 Ra8 35.Rd4 Rc4 36.Rd2 Rcxa4
37.Ne2 d4 38.Nxd4 Bxa2 39.f4 Bc4 40.Rb1 Ra1 41.Rb2 Bd5 42.Rxa1 Rxa1+ 43.Kf2 Ra2
44.Rxa2 Bxa2 45.g4 Bc4 46.Ke3 b5 47.Nc6 Kf8 48.g3 Bd5 49.Nb4 Bb3 50.f5 Bd1
51.Kf4 g5+ 52.fxg6 fxg6 53.g5 hxg5+ 54.Kxg5 Kf7 55.Kf4 Ke6 56.Ke4 Bb3 57.Na6 Ke7
58.Kd4 Bd1 59.Nc7 Be2 60.Nd5+ Kf7 61.e6+ Kxe6 62.Nf4+ Kf5 63.Nxe2 Kg4 64.Ke3 b4
65.Kf2 b3 66.Kg2 b2 67.Nc3 Kf5 68.Kf3 Ke5 69.Ke3 Kf5 70.Kf3 Ke5 71.Nb1 Kd4
72.Ke2 Ke4 73.Nc3+ Kf5 74.Ke3 Kg4 75.Kf2 Kf5 76.Kf3  1/2-1/2

[Event "Skilling Open KO 2020"]
[Site "chess24.com INT"]
[Date "2020.11.26"]
[Round "1.31"]
[White "Vachier Lagrave,M"]
[Black "Nakamura,Hi"]
[Result "1-0"]
[WhiteElo "2784"]
[BlackElo "2736"]

1.e4 e5 2.Nf3 Nc6 3.Bc4 Bc5 4.O-O Nf6 5.d3 d6 6.c3 h6 7.Re1 O-O 8.Nbd2 a5
9.Nf1 Be6 10.Bb5 Ne7 11.d4 exd4 12.cxd4 Bb6 13.Ng3 d5 14.e5 Ne4 15.Bd3 Nxg3
16.hxg3 Bg4 17.Bc2 c5 18.dxc5 Bxc5 19.Be3 Rc8 20.Bxc5 Rxc5 21.Qd2 Qc7 22.Bd3 Bxf3
23.gxf3 Nc6 24.f4 Nb4 25.Rad1 Nxd3 26.Qxd3 Qb6 27.Qe3 Qc6 28.f5 Rc2 29.f6 Rxb2
30.Qf3 Re8 31.fxg7 Rxa2 32.Rd4 Rc2 33.Re3 Rc4 34.Rxd5 a4 35.Kh2 b5 36.Qf6 Rc1
37.Rf3 Rh1+ 38.Kxh1 Qxd5 39.Qxh6 Qxf3+ 40.Kg1 f6 41.Qh8+ Kf7 42.e6+ Ke7 43.Qxe8+ Kxe8
44.g8=Q+ Ke7 45.Qf7+ Kd6 46.Qd7+ Kc5 47.e7  1-0

[Event "Skilling Open KO 2020"]
[Site "chess24.com INT"]
[Date "2020.11.27"]
[Round "2.14"]
[White "So,W"]
[Black "Nakamura,Hi"]
[Result "1/2-1/2"]
[WhiteElo "2770"]
[BlackElo "2736"]

1.d4 f5 2.g3 Nf6 3.Bg2 g6 4.Nf3 Bg7 5.O-O O-O 6.b3 Nc6 7.Bb2 Ne4 8.Nbd2 e6
9.c4 g5 10.Nxe4 fxe4 11.Ne5 d5 12.Nxc6 bxc6 13.Qc2 Ba6 14.Rac1 g4 15.e3 Rf6
16.Ba3 h5 17.Rfd1 Bh6 18.Qd2 Bc8 19.Qb4 Bf8 20.Qa5 Bxa3 21.Qxa3 Bd7 22.Rc2 h4
23.Rdc1 Rh6 24.Qa5 Kg7 25.b4 a6 26.a4 Rb8 27.b5 axb5 28.axb5 Ra8 29.Qb4 hxg3
30.hxg3 Rb8 31.Qa5 Ra8 32.Qb4 Be8 33.bxc6 Rb8 34.Qa5 Bf7 35.cxd5 exd5 36.Rc5 Ra8
37.Qb4 Ra6 38.Ra5 Raxc6 39.Rac5 Rb6 40.Rb5 Rxb5 41.Qxb5 Rb6 42.Qc5 c6 43.Bf1 Be6  1/2-1/2

[Event "Skilling Open KO 2020"]
[Site "chess24.com INT"]
[Date "2020.11.27"]
[Round "2.12"]
[White "So,W"]
[Black "Nakamura,Hi"]
[Result "1-0"]
[WhiteElo "2770"]
[BlackElo "2736"]

1.e4 e5 2.Nf3 Nc6 3.Bc4 Bc5 4.c3 Nf6 5.d3 d6 6.O-O h6 7.Re1 O-O 8.Nbd2 a5
9.Nf1 Be6 10.Bb5 Bb6 11.Ng3 Nh7 12.h3 Ng5 13.Nxg5 hxg5 14.d4 exd4 15.Bxc6 bxc6
16.cxd4 c5 17.d5 Bd7 18.a4 Re8 19.Bd2 c4 20.Qf3 Rb8 21.Bc3 Bc5 22.Re2 f6
23.Nf5 Bb4 24.Bd4 Bc5 25.Bc3 Bb4 26.Ne3 Bc8 27.Bd4 Ba6 28.Nf5 Bc8 29.Ne3 Ba6
30.Nf5 Bc8 31.Rc1 Qd7 32.Rec2 Ba6 33.h4 gxh4 34.Qg4 Kf8 35.Bxf6 gxf6 36.Qxh4 Kg8
37.Re2 Re5 38.Re3 Rxf5 39.Rh3 Rg5 40.Qh8+ Kf7 41.Rh7+  1-0

[Event "Skilling Open KO 2020"]
[Site "chess24.com INT"]
[Date "2020.11.27"]
[Round "2.13"]
[White "Nakamura,Hi"]
[Black "So,W"]
[Result "1/2-1/2"]
[WhiteElo "2736"]
[BlackElo "2770"]

1.d4 Nf6 2.c4 e6 3.Nf3 d5 4.Nc3 c5 5.cxd5 cxd4 6.Qa4+ Bd7 7.Qxd4 exd5 8.e3 Nc6
9.Qd1 Bb4 10.Be2 Ne4 11.Bd2 Bxc3 12.Bxc3 Nxc3 13.bxc3 Be6 14.Rb1 Qc7 15.O-O O-O
16.Ng5 Rad8 17.Qc2 g6 18.Nxe6 fxe6 19.c4 Ne5 20.c5 b6 21.Rbc1 bxc5 22.Qxc5 Qxc5
23.Rxc5 Rc8 24.Ra5 Rc2 25.Bd1 Rc7 26.Ra6 Kf7 27.Bb3 Nd3 28.h4 Nc5 29.Ra5 Nxb3
30.axb3 Rb8 31.Rfa1 Rxb3 32.Rxa7 Rc3 33.Kh2 h5 34.Ra8 Rc1 35.R1a4 R1c4 36.g3 Rxa4
37.Rxa4 Rc4 38.Ra7+ Kf6 39.Ra8 d4 40.exd4 Rxd4 41.Rf8+ Kg7 42.Ra8 Kf6 43.Rf8+ Kg7
44.Ra8 Kf6  1/2-1/2

[Event "Skilling Open KO 2020"]
[Site "chess24.com INT"]
[Date "2020.11.27"]
[Round "2.11"]
[White "Nakamura,Hi"]
[Black "So,W"]
[Result "1/2-1/2"]
[WhiteElo "2736"]
[BlackElo "2770"]

1.e4 e5 2.Bc4 Nf6 3.d3 Nc6 4.Nc3 Bb4 5.Nf3 d6 6.h3 Na5 7.Bb3 O-O 8.O-O c6
9.Ne2 Nxb3 10.axb3 Ba5 11.Ng3 h6 12.Nh4 Bc7 13.Nhf5 d5 14.Qf3 Kh7 15.Nh5 g6
16.Nxf6+ Qxf6 17.Nd4 Qd6 18.Ne2 f5 19.exf5 Bxf5 20.Ng3 e4 21.dxe4 Bxe4 22.Qe3 h5
23.c4 Kg8 24.c5 Qe5 25.f4 Qe7 26.Nxe4 dxe4 27.Ra4 Rf5 28.Rxe4 Qxc5 29.Qxc5 Rxc5
30.Re7 Bb6 31.Be3 Rb5 32.Bxb6 Rxb6 33.f5 Rf8 34.f6 Rf7 35.Re8+ Rf8 36.Re7 Rf7
37.Re8+ Rf8 38.Re7  1/2-1/2

[Event "Skilling Open KO 2020"]
[Site "chess24.com INT"]
[Date "2020.11.28"]
[Round "2.22"]
[White "Nakamura,Hi"]
[Black "So,W"]
[Result "1/2-1/2"]
[WhiteElo "2736"]
[BlackElo "2770"]

1.e4 e5 2.Bc4 Nf6 3.d3 Nc6 4.Nc3 Na5 5.Nge2 c6 6.Bb3 d6 7.O-O Be7 8.f4 O-O
9.h3 exf4 10.Nxf4 d5 11.exd5 Nxb3 12.axb3 cxd5 13.Qf3 Be6 14.Nce2 Qc7 15.Nd4 Bd7
16.Nfe2 a5 17.c3 Rfe8 18.Kh1 Ra6 19.Bf4 Bd6 20.Rf2 b5 21.g4 Bxf4 22.Nxf4 Re5
23.Rg1 h6 24.h4 Qc8 25.Rfg2 g5 26.hxg5 Rxg5 27.Nh5 Nxg4 28.Nf4 Rf6 29.Rf1 b4
30.cxb4 axb4 31.Qg3 Qc7 32.Nde2 Qe5 33.d4 Qe4 34.Rf3 Kh7 35.Kg1 Bb5 36.Kh1 Bd7
37.Kg1 Bb5 38.Kh1 Bxe2 39.Rxe2 Qb1+ 40.Re1 Qxb2 41.Nh3 Rgg6 42.Nf4 Ne5 43.Nxg6 Nxf3
44.Nf8+ Kh8 45.Nd7 Re6 46.Rxe6 fxe6 47.Qxf3 Qxd4 48.Qf8+ Kh7 49.Qf7+ Kh8
50.Qe8+ Kg7 51.Qe7+ Kh8 52.Qxe6 Qd1+ 53.Kg2 Qxb3 54.Qf6+ Kh7 55.Qe7+ Kg6
56.Qe6+ Kg5 57.Qe5+ Kg6 58.Qf6+ Kh5 59.Qf5+ Kh4 60.Qf2+ Kh5 61.Qe2+ Kh4 62.Qe7+ Kh5
63.Qe5+ Kg6 64.Qe2 Qc3 65.Qe6+ Kg7 66.Qe7+ Kg6 67.Qe6+ Kg7 68.Qe7+ Kg6 69.Nf8+ Kf5
70.Qe6+ Kf4 71.Qxh6+  1/2-1/2

[Event "Skilling Open KO 2020"]
[Site "chess24.com INT"]
[Date "2020.11.28"]
[Round "2.21"]
[White "So,W"]
[Black "Nakamura,Hi"]
[Result "1/2-1/2"]
[WhiteElo "2770"]
[BlackElo "2736"]

1.e4 e5 2.Nf3 Nc6 3.Bb5 a6 4.Ba4 g6 5.c3 Bg7 6.O-O Nge7 7.d4 exd4 8.cxd4 b5
9.Bc2 d5 10.exd5 Nxd5 11.Re1+ Be6 12.Bg5 Qd7 13.Nbd2 O-O 14.Nb3 Bg4 15.h3 Be6
16.Nc5 Qd6 17.Nxe6 fxe6 18.Re4 Rae8 19.h4 Nf6 20.Bxf6 Bxf6 21.h5 gxh5 22.Qd3 Rf7
23.a3 Kh8 24.Qe3 Qf8 25.d5 Nd8 26.dxe6 Rfe7 27.Bb3 Bxb2 28.Rd1 Nb7 29.Ng5 Nd6
30.Rxd6 cxd6 31.Nf7+ Rxf7 32.exf7 Rxe4 33.Qxe4 Bf6 34.Qf5 Kg7 35.Qxh5 Qc8
36.g3 h6 37.Qd5 Qd8 38.Qb7 Be7 39.Bd5 a5 40.Qxb5 Bf8 41.a4 Qc7 42.Qb2+ Kg6
43.Qb1+ Kg7 44.Qb2+ Kg6 45.Qh8 Qe7 46.Qc3 Qd8 47.Kg2 h5 48.Qd3+ Kh6 49.Qd2+ Kg6
50.Qe2 Qg5 51.Qb5 Kh6 52.Qxa5 h4 53.Qa8 Kg7 54.Qc6 Qe5 55.gxh4 Be7 56.Qc4 Bxh4
57.Qg4+ Bg5 58.Qf3 Bf4 59.a5 Qf5 60.Qe4 Qg4+ 61.Kf1 Qd1+ 62.Kg2 Qg4+ 63.Kf1 Qd1+
64.Kg2 Qg4+  1/2-1/2

[Event "Skilling Open KO 2020"]
[Site "chess24.com INT"]
[Date "2020.11.28"]
[Round "2.23"]
[White "So,W"]
[Black "Nakamura,Hi"]
[Result "1/2-1/2"]
[WhiteElo "2770"]
[BlackElo "2736"]

1.d4 Nf6 2.c4 e6 3.Nc3 Bb4 4.Qc2 O-O 5.e4 d5 6.e5 Ne4 7.Bd3 c5 8.Nf3 cxd4
9.Nxd4 Nd7 10.Bf4 Qh4 11.g3 Qh5 12.O-O g5 13.cxd5 Bxc3 14.bxc3 exd5 15.e6 gxf4
16.exd7 Bxd7 17.Bxe4 dxe4 18.Qxe4 fxg3 19.fxg3 b6 20.Nf5 Rae8 21.Qd5 Bxf5
22.Rxf5 Qe2 23.Raf1 Qe3+ 24.R1f2 Qe1+ 25.Rf1 Qe3+ 26.R1f2 Qe1+ 27.Rf1 Qe3+  1/2-1/2

[Event "Skilling Open KO 2020"]
[Site "chess24.com INT"]
[Date "2020.11.28"]
[Round "2.24"]
[White "Nakamura,Hi"]
[Black "So,W"]
[Result "1/2-1/2"]
[WhiteElo "2736"]
[BlackElo "2770"]

1.Nf3 d5 2.g3 g6 3.Bg2 Bg7 4.O-O e5 5.d3 Ne7 6.c4 dxc4 7.dxc4 O-O 8.Nc3 Nbc6
9.Rb1 Nd4 10.b3 Bg4 11.Nd2 c6 12.h3 Bf5 13.Nde4 Qc7 14.e3 Ne6 15.b4 a5 16.a3 Rad8
17.Qb3 axb4 18.axb4 Bxe4 19.Bxe4 f5 20.c5 Qc8 21.Na4 Nd5 22.Bxd5 cxd5 23.Nb6 Qc6
24.Rd1 Ng5 25.h4 Ne4 26.b5 Qe6 27.Rxd5 Rxd5 28.Qxd5 Qxd5 29.Nxd5 Rd8 30.c6 Rxd5
31.cxb7 Rd8 32.Ra1 Nc5 33.Ra7 Nxb7 34.Rxb7 Rd1+ 35.Kg2 Rxc1 36.Rb8+ Kf7 37.Rb7+ Kg8
38.Rb8+ Kf7 39.Rb7+ Kg8  1/2-1/2

[Event "chess.com Speed 2020"]
[Site "chess.com INT"]
[Date "2020.12.03"]
[Round "2.31"]
[White "Fedoseev,Vl3"]
[Black "Nakamura,Hi"]
[Result "0-1"]
[WhiteElo "2676"]
[BlackElo "2736"]

1.e4 e5 2.Nf3 Nc6 3.Bc4 Bc5 4.c3 Nf6 5.d4 exd4 6.e5 d5 7.Be2 Ne4 8.cxd4 Bb6
9.O-O O-O 10.Be3 f6 11.exf6 Qxf6 12.Nc3 Nxc3 13.bxc3 Bg4 14.h3 Bh5 15.Re1 Rae8
16.Qd2 Na5 17.Ne5 Bxe2 18.Rxe2 Qf5 19.Rae1 c6 20.f4 Bc7 21.Rf2 Nc4 22.Qc1 Bd6
23.Ree2 Bxe5 24.dxe5 b6 25.Rf3 c5 26.Bf2 Qd7 27.Qd1 Qc6 28.Kh2 a5 29.Bg3 Qe6
30.Qd3 Rf5 31.Rf1 b5 32.Rd1 Rd8 33.Bh4 Rd7 34.Rf2 b4 35.g4 Rf8 36.Bg3 bxc3
37.Qxc3 d4 38.Qb3 Qd5 39.Rc1 Ne3 40.Rxc5 Qxb3 41.axb3 d3 42.e6 d2 43.exd7 d1=Q
44.Re5 Nf1+ 45.Rxf1 Qxf1 46.Re8 Qd3 47.d8=Q Qxd8 48.Rxd8 Rxd8 49.Be1 Rd5
50.Kg2 Rb5 51.f5 Kf7 52.Bd2 a4  0-1

[Event "chess.com Speed 2020"]
[Site "chess.com INT"]
[Date "2020.12.03"]
[Round "2.11"]
[White "Nakamura,Hi"]
[Black "Fedoseev,Vl3"]
[Result "1-0"]
[WhiteElo "2736"]
[BlackElo "2676"]

1.d4 Nf6 2.c4 e6 3.Nf3 d5 4.Nc3 c6 5.Bg5 h6 6.Bxf6 Qxf6 7.e3 Nd7 8.Bd3 dxc4
9.Bxc4 Bd6 10.O-O Qe7 11.Qd3 O-O 12.Rfd1 b6 13.Rac1 Bb7 14.Ba6 Rab8 15.Bxb7 Rxb7
16.Ne4 Rc8 17.Rc2 Rbc7 18.Rdc1 Nf6 19.Nfd2 c5 20.Nxf6+ gxf6 21.Qa6 cxd4 22.Qxc8+ Rxc8
23.Rxc8+ Kg7 24.exd4 Bf4 25.R1c2 Qb4 26.Nf3 Qa5 27.g3 Bd6 28.b3 Qf5 29.Kg2 Qe4
30.R2c3 b5 31.Rd8 Bb4 32.Rcc8 f5 33.Rd7 Ba5 34.Rxa7 Bb6 35.Rd7 f4 36.Rd6 Ba5
37.Rc5 Bb4 38.Re5 Qc2 39.Rb6 fxg3 40.hxg3 Bc3 41.Rbxb5 Qxa2 42.Rb7 Qb2 43.Re4 Kg6
44.Rg4+ Kh5 45.Rf4 f5 46.Rg7  1-0

[Event "chess.com Speed 2020"]
[Site "chess.com INT"]
[Date "2020.12.03"]
[Round "2.32"]
[White "Nakamura,Hi"]
[Black "Fedoseev,Vl3"]
[Result "1/2-1/2"]
[WhiteElo "2736"]
[BlackElo "2676"]

1.b3 c5 2.Bb2 d6 3.Nf3 e5 4.e3 Nf6 5.d4 cxd4 6.exd4 e4 7.Nfd2 d5 8.c4 Bb4
9.Nc3 O-O 10.Be2 Re8 11.O-O Nc6 12.Nxd5 Nxd5 13.cxd5 Qxd5 14.Nc4 Qg5 15.Bc1 Qg6
16.Bh5 Qf6 17.Bb2 Qg5 18.Kh1 Be6 19.Bc1 Qd5 20.Bb2 Rad8 21.Ne3 Qg5 22.f4 exf3
23.Qxf3 g6 24.Bg4 f5 25.d5 fxg4 26.Nxg4 Qxg4 27.Qf6 Qxg2+ 28.Kxg2 Bxd5+ 29.Rf3 Re2+
30.Kg3 Bd6+ 31.Rf4 Rxb2 32.Qxb2 g5 33.Rf1 gxf4+ 34.Kh3 Be5 35.Rg1+ Kf7 36.Qe2 Be6+
37.Kh4 Bf6+ 38.Kh5 Rd5+ 39.Kh6 Ne5 40.Qe4 Ng6 41.Rxg6 hxg6 42.Qxg6+ Ke7 43.Qe4 Bg5+
44.Kg6 Kd7 45.Qa4+ Ke7 46.Qb4+ Ke8 47.Qxb7 Be7 48.Qb8+ Kd7 49.Qxf4 a5 50.h4 Bd6
51.Qa4+ Ke7 52.Qe4 Be5 53.h5 Bf6 54.Qe3 Be5 55.Qg5+ Kd7 56.h6 Bd4 57.Qf4 Bf5+
58.Qxf5+ Rxf5 59.Kxf5 Kd6 60.Ke4 Kc5 61.a3 Bb2 62.h7 Kb5 63.Kd5 Bc3 64.Ke4 Kc5
65.Kd3 Bb2 66.b4+ axb4 67.axb4+ Kxb4 68.Ke4 Kc5 69.Kf5 Kd6 70.Kg6 Ke7 71.h8=Q Bxh8  1/2-1/2

[Event "chess.com Speed 2020"]
[Site "chess.com INT"]
[Date "2020.12.03"]
[Round "2.13"]
[White "Nakamura,Hi"]
[Black "Fedoseev,Vl3"]
[Result "1-0"]
[WhiteElo "2736"]
[BlackElo "2676"]

1.d4 d5 2.c4 e6 3.Nf3 Nf6 4.Nc3 h6 5.e3 Nbd7 6.Ne5 dxc4 7.Nxc4 c5 8.dxc5 Bxc5
9.Be2 O-O 10.O-O a6 11.Nd6 Ne5 12.Nxc8 Rxc8 13.Qb3 b5 14.Rd1 Qe7 15.Bd2 Nc6
16.a3 Bb6 17.Be1 Rc7 18.Na2 Nd5 19.Nc3 Nf6 20.Na2 Rfc8 21.Nb4 Nxb4 22.Bxb4 Qe8
23.a4 Bc5 24.axb5 axb5 25.Be1 b4 26.Bf3 Qe7 27.g3 g6 28.Ra4 Rb8 29.Rc1 Bd6
30.Rd1 Kg7 31.Ra6 Bc5 32.Rc1 Nd7 33.Be2 Ne5 34.Rca1 h5 35.h4 Qf6 36.Kg2 Qf5
37.Rc1 Rbc8 38.Ra5 Ng4 39.Qd3 Qf6 40.b3 Ne5 41.Qe4 Nd7 42.Rc4 Qb2 43.Qc2 Qf6
44.Bxb4 Bxb4 45.Rxc7 Rxc7 46.Qxc7 Bxa5 47.Qxa5 Qb2 48.Qa7 Nf6 49.Bf3 Qxb3
50.Qd4 Qb5 51.Qc3 e5 52.Qc6 Qa5 53.Qb7 Qc5 54.Qa8 Qd6 55.Qa1 Qe6 56.Qc3 Kh7
57.Qb2 Nd7 58.Qc3 Nf6 59.Qb2 Qf5 60.Qc3 Kg7 61.Qb2 Qe6 62.Qc3 Qd6 63.Qb2 Nd7
64.Qc3 Nc5 65.Be2 Ne4 66.Qc4 Nf6 67.Bf3 Qd2 68.Qa4 Qb2 69.Qc4 e4 70.Bxe4 Ng4
71.Qd4+ Qxd4 72.exd4 Kf6 73.Kf3 Nh6 74.Bc2 Ke7 75.Ke4 Kd6 76.Bb3 f6 77.Ba2 g5
78.Bb3 Ng4 79.f3 Nh6 80.Ba2 Ke7 81.hxg5 fxg5 82.f4 gxf4 83.Kxf4 Kf6 84.Bb1 Nf7
85.Bd3 Ng5 86.Be2 Ne6+ 87.Ke4 Kg5 88.d5  1-0

[Event "chess.com Speed 2020"]
[Site "chess.com INT"]
[Date "2020.12.03"]
[Round "2.14"]
[White "Fedoseev,Vl3"]
[Black "Nakamura,Hi"]
[Result "0-1"]
[WhiteElo "2676"]
[BlackElo "2736"]

1.e4 e5 2.Nf3 Nc6 3.Bc4 Bc5 4.c3 Nf6 5.d3 d6 6.O-O h6 7.Re1 O-O 8.Nbd2 a5
9.Bb5 Be6 10.Nf1 Bb6 11.Ng3 Nd7 12.d4 Bg4 13.Bxc6 bxc6 14.Be3 Qf6 15.h3 exd4
16.cxd4 Bxf3 17.gxf3 c5 18.dxc5 Bxc5 19.b3 a4 20.bxa4 Bxe3 21.Rxe3 Nc5 22.Rc1 Ne6
23.Ne2 Ra5 24.Kf1 Rfa8 25.Rc4 Nc5 26.Nc3 Qe6 27.Rb4 Qxh3+ 28.Ke2 Ne6 29.Kd2 Qh2
30.Qf1 Nc5 31.a3 Nxa4 32.Nd5 Nc5 33.Nxc7 Rxa3 34.Nxa8 Ra2+ 35.Kc1 Rxa8 36.Qe1 Ra2
37.Rb2 Ra1+ 38.Rb1 Ra2 39.Rb2 Ra1+ 40.Rb1 Ra8 41.Rb2 h5 42.Kb1 h4 43.e5 dxe5
44.Rxe5 Ne6 45.Rxe6 fxe6 46.Qxe6+ Kh8 47.Qe1 Qd6 48.Rb3 Qa6 49.Qc3 Qf1+ 50.Kb2 Qxf2+
51.Kb1 Qf1+ 52.Kb2 Qe2+ 53.Kb1 Rd8 54.Rb2 Qf1+ 55.Kc2 Qd1+  0-1